[Event "NB2 Erkel csoport"]
[Site "Budapest"]
[Date "2024.12.01"]
[Round "3.11"]
[White "Sass, Oscar"]
[Black "Tagai, Marton"]
[Result "0-1"]
[WhiteElo "1951"]
[BlackElo "1829"]
[PlyCount "106"]
[GameId "2119377278317953"]
[EventDate "2024.11.03"]
[EventType "team-tourn"]
[EventRounds "11"]
[EventCountry "HUN"]
[Source "chess.hu"]
[WhiteTeam "EUTender-Sinus-SDSE"]
[BlackTeam "TFSE"]
[WhiteTeamCountry "HUN"]
[BlackTeamCountry "HUN"]

1. d4 d5 2. Nf3 Nf6 3. g3 Bf5 4. Bg2 e6 5. O-O c6 6. c4 Nbd7 7. Nc3 h6 8. Qb3 Qb6 9. c5 Qxb3 10. axb3 a6 11. b4 Rc8 12. h3 Ne4 13. g4 Bh7 14. Nxe4 Bxe4 15. Nd2 Bxg2 16. Kxg2 g5 17. Nb3 Bg7 18. f4 gxf4 19. Bxf4 e5 20. dxe5 Bxe5 21. Bxe5 Nxe5 22. e4 O-O 23. exd5 cxd5 24. Rf6 Rc6 25. Rf4 Rg6 26. Rd1 Nc4 27. Kf2 Rg5 28. Nd4 Nxb2 29. Rd2 Nc4 30. Re2 Ne5 31. Kg3 Nd3 32. Rf6 Nxb4 33. Nf5 Nd3 34. h4 Rg6 35. Ne7+ Kg7 36. Nxg6 fxg6 37. Rd6 Nxc5 38. Rxd5 Rc8 39. Rc2 Ne4+ 40. Kf4 Rxc2 41. Kxe4 Rc7 42. Rd6 a5 43. Rb6 a4 44. Rb4 a3 45. Kd3 Rf7 46. Ke3 Re7+ 47. Kd3 b5 48. Rxb5 Ra7 49. Rb1 a2 50. Ra1 Kf6 51. Ke4 Ke6 52. Kf3 Ke5 53. Re1+ Kd4 0-1

[Event "NB2 Erkel csoport"]
[Site "Budapest"]
[Date "2024.12.01"]
[Round "3.12"]
[White "Morovan-Szabo, Lorinc"]
[Black "Benko, Csanad Botond"]
[Result "1-0"]
[WhiteElo "1846"]
[BlackElo "1782"]
[PlyCount "91"]
[GameId "2119377233638769"]
[EventDate "2024.11.03"]
[EventType "team-tourn"]
[EventRounds "11"]
[EventCountry "HUN"]
[Source "chess.hu"]
[WhiteTeam "TFSE"]
[BlackTeam "EUTender-Sinus-SDSE"]
[WhiteTeamCountry "HUN"]
[BlackTeamCountry "HUN"]

1. e4 e5 2. Nf3 Nc6 3. Bc4 Nf6 4. d3 Bc5 5. Be3 Bxe3 6. fxe3 d6 7. O-O Be6 8. Nbd2 Qe7 9. d4 Bxc4 10. Nxc4 Nxe4 11. dxe5 Nxe5 12. Nfxe5 dxe5 13. Qd5 Nd6 14. Nxe5 f6 15. Ng4 O-O-O 16. Rae1 Qe4 17. Qxe4 Nxe4 18. Rf4 Rhe8 19. Nf2 Nxf2 20. Kxf2 Rd2+ 21. Re2 Rxe2+ 22. Kxe2 Kd7 23. h4 Re5 24. b3 c5 25. g4 Ke6 26. a4 b6 27. c3 Kd5 28. Kd3 Re7 29. e4+ Ke6 30. Ke3 Rd7 31. Rf1 a5 32. g5 Ke5 33. c4 Rd4 34. Rf5+ Ke6 35. gxf6 Rd7 36. fxg7 Rxg7 37. Rg5 Rf7 38. Rh5 Kd7 39. e5 Kc7 40. Ke4 Kc6 41. Rh6+ Kc7 42. Kd5 Re7 43. e6 Rg7 44. Rf6 Rg1 45. Rf7+ Kd8 46. Rxh7 1-0

[Event "NB2 Erkel csoport"]
[Site "Vac"]
[Date "2024.12.01"]
[Round "3.1"]
[White "Feher, Gyula"]
[Black "Mirza, Solyom"]
[Result "1-0"]
[WhiteElo "2305"]
[BlackElo "2077"]
[PlyCount "81"]
[GameId "2119386763269490"]
[EventDate "2024.11.03"]
[EventType "team-tourn"]
[EventRounds "11"]
[EventCountry "HUN"]
[Source "chess.hu"]
[WhiteTeam "Sport Muhely SE"]
[BlackTeam "Vaci SC"]
[WhiteTeamCountry "HUN"]
[BlackTeamCountry "HUN"]

1. Nf3 Nf6 2. g3 d6 3. d4 g6 4. Bg2 Bg7 5. O-O O-O 6. c4 Nbd7 7. Nc3 e5 8. h3 Qe7 9. e4 b6 10. Re1 Bb7 11. Rb1 a5 12. b3 h6 13. Ba3 Nh5 14. dxe5 Nxe5 15. Nd4 Rfe8 16. Nd5 Qd7 17. Bc1 Kh7 18. Be3 a4 19. Qc2 axb3 20. axb3 Ra5 21. Nb5 Bxd5 22. exd5 Rea8 23. Bd4 Ra2 24. Qe4 f5 25. Qe3 g5 26. Nc3 Rc2 27. Re2 Rxe2 28. Qxe2 g4 29. Nb5 Re8 30. Qc2 gxh3 31. Bxe5 Bxe5 32. Bxh3 Rf8 33. Kh2 Kh8 34. Rg1 Qf7 35. f4 Bg7 36. Qd3 Ra8 37. Qxf5 Qe8 38. Qe6 Ra2+ 39. Rg2 Qa8 40. Nxc7 Rxg2+ 41. Bxg2 1-0

[Event "NB2 Erkel csoport"]
[Site "Vac"]
[Date "2024.12.01"]
[Round "3.2"]
[White "Trajber, Daniel"]
[Black "Farago, Sandor"]
[Result "0-1"]
[WhiteElo "2054"]
[BlackElo "2020"]
[PlyCount "204"]
[GameId "2119386717410658"]
[EventDate "2024.11.03"]
[EventType "team-tourn"]
[EventRounds "11"]
[EventCountry "HUN"]
[Source "chess.hu"]
[WhiteTeam "Vaci SC"]
[BlackTeam "Sport Muhely SE"]
[WhiteTeamCountry "HUN"]
[BlackTeamCountry "HUN"]

1. e4 c5 2. Nf3 d6 3. d4 cxd4 4. Nxd4 Nf6 5. Nc3 a6 6. Bg5 Nbd7 7. Bc4 Qc7 8. Bb3 h6 9. Be3 Nc5 10. Nd5 Nxd5 11. exd5 g6 12. O-O Bg7 13. Qd2 Bd7 14. Rfe1 Kf8 15. c3 Re8 16. Bc2 Kg8 17. a4 Bc8 18. b4 Nd7 19. f4 Nf6 20. f5 g5 21. Nb3 Qc4 22. Rad1 Ne4 23. Bxe4 Qxe4 24. Bxg5 Qc4 25. f6 hxg5 26. Qxg5 Rh7 27. Nd4 Bd7 28. fxg7 Rxg7 29. Qh4 Qxd5 30. Qf2 Bh3 31. g3 Qc4 32. Re3 e5 33. Nf5 Qb3 34. Nxg7 Qxd1+ 35. Re1 Qxa4 36. Nxe8 Qxe8 37. Re4 Qe6 38. Rh4 Bf5 39. Qd2 Kg7 40. Qg5+ Bg6 41. Qh6+ Kf6 42. Qh8+ Ke7 43. Qb8 Qd5 44. Qc7+ Kf6 45. Qc4 Qd2 46. Qf1+ Ke6 47. Qc4+ Kf6 48. Qf1+ Kg7 49. Qg2 Qe1+ 50. Qf1 Qe3+ 51. Kg2 Qxc3 52. Qc4 Qd2+ 53. Kg1 d5 54. Qc8 Qe1+ 55. Kg2 Be4+ 56. Rxe4 Qxe4+ 57. Kh3 d4 58. Qd8 Qf5+ 59. Kg2 d3 60. Qd5 b5 61. h3 f6 62. g4 Qg6 63. Qd7+ Kh6 64. Qd8 Qe4+ 65. Kg3 Qe3+ 66. Kg2 Kg5 67. Qd7 Qe2+ 68. Kg3 Qe1+ 69. Kg2 Qe4+ 70. Kg3 Kh6 71. Qd8 Qe1+ 72. Kg2 Qe2+ 73. Kg3 Qe3+ 74. Kg2 Kg5 75. Qd7 Qe4+ 76. Kg3 Qg6 77. h4+ Kh6 78. Qd6 Kg7 79. Qd7+ Kh6 80. Qd6 e4 81. Qb6 f5 82. g5+ Kh7 83. Qc7+ Qg7 84. Qd6 Qf7 85. Kf4 Kg7 86. Qh6+ Kg8 87. Qxa6 Qc7+ 88. Kxf5 d2 89. Qa8+ Kg7 90. Qa1+ Kf8 91. Qa8+ Ke7 92. Qxe4+ Kd8 93. Qa8+ Qc8+ 94. Qxc8+ Kxc8 95. g6 d1=Q 96. g7 Qh5+ 97. Kf6 Qxh4+ 98. Kf7 Qf4+ 99. Kg6 Qg4+ 100. Kf7 Qf5+ 101. Kg8 Kd7 102. Kh8 Qh5+ 0-1

[Event "NB2 Erkel csoport"]
[Site "Vac"]
[Date "2024.12.01"]
[Round "3.3"]
[White "Meszaros, Andras"]
[Black "Trajber, Csaba Dr."]
[Result "1-0"]
[WhiteElo "2171"]
[BlackElo "1991"]
[PlyCount "79"]
[GameId "2119386663839057"]
[EventDate "2024.11.03"]
[EventType "team-tourn"]
[EventRounds "11"]
[EventCountry "HUN"]
[Source "chess.hu"]
[WhiteTeam "Sport Muhely SE"]
[BlackTeam "Vaci SC"]
[WhiteTeamCountry "HUN"]
[BlackTeamCountry "HUN"]

1. Nf3 g6 2. e4 Bg7 3. d4 c5 4. dxc5 Qa5+ 5. Nc3 Qxc5 6. Be2 Nf6 7. O-O O-O 8. Ne1 Nc6 9. Nd3 Qa5 10. Bd2 Qd8 11. Re1 d5 12. exd5 Nxd5 13. Nxd5 Qxd5 14. Bf3 Qd8 15. Bxc6 bxc6 16. Qf3 Bf5 17. Bb4 Re8 18. Rad1 Qc8 19. h3 Bf6 20. Ne5 c5 21. Bc3 Be6 22. Qf4 Rd8 23. Rxd8+ Qxd8 24. Nc6 Qd7 25. Nxe7+ Bxe7 26. Qe5 f6 27. Qxe6+ Qxe6 28. Rxe6 Kf7 29. Ra6 Rd8 30. Rxa7 Rd1+ 31. Kh2 Rc1 32. Kg3 Rxc2 33. Kf3 h5 34. a4 g5 35. a5 f5 36. a6 Rc1 37. Bd2 g4+ 38. hxg4 fxg4+ 39. Ke2 Rc2 40. Rd7 1-0

[Event "NB2 Erkel csoport"]
[Site "Vac"]
[Date "2024.12.01"]
[Round "3.4"]
[White "Tornai, Imre"]
[Black "Muranyi, Peter"]
[Result "0-1"]
[WhiteElo "1969"]
[BlackElo "2058"]
[PlyCount "84"]
[GameId "2119386609378625"]
[EventDate "2024.11.03"]
[EventType "team-tourn"]
[EventRounds "11"]
[EventCountry "HUN"]
[Source "chess.hu"]
[WhiteTeam "Vaci SC"]
[BlackTeam "Sport Muhely SE"]
[WhiteTeamCountry "HUN"]
[BlackTeamCountry "HUN"]

1. d4 b6 2. Nc3 Bb7 3. e4 e6 4. Bd3 Nf6 5. Bg5 h6 6. Bh4 Be7 7. Bg3 d5 8. e5 Ne4 9. Qg4 g6 10. Bxe4 dxe4 11. Nxe4 Qd5 12. f3 c5 13. Nc3 Qc4 14. Nge2 Nc6 15. O-O-O O-O 16. dxc5 Qxc5 17. f4 b5 18. Kb1 Na5 19. Bh4 Bxh4 20. Qxh4 b4 21. Rd3 h5 22. Na4 Qc6 23. b3 Rac8 24. Rc1 Ba6 25. Rd6 Qb7 26. Nd4 Nc6 27. Nc5 Qb6 28. Ndxe6 fxe6 29. Rxe6 Qxc5 30. Rxg6+ Kf7 31. Qf6+ Ke8 32. Qe6+ Ne7 33. Rg7 Rc7 34. Qxa6 Qc6 35. Qe2 Nd5 36. Qxh5+ Kd8 37. Qg5+ Kc8 38. Qg4+ Kb8 39. Rxc7 Qxc7 40. Qf3 Nc3+ 41. Kb2 Qa5 42. Ra1 Qa3# 0-1

[Event "NB2 Erkel csoport"]
[Site "Vac"]
[Date "2024.12.01"]
[Round "3.5"]
[White "Juhasz, Mark"]
[Black "Torok, Tamas"]
[Result "1/2-1/2"]
[WhiteElo "2054"]
[BlackElo "1923"]
[PlyCount "37"]
[GameId "2119386568799537"]
[EventDate "2024.11.03"]
[EventType "team-tourn"]
[EventRounds "11"]
[EventCountry "HUN"]
[Source "chess.hu"]
[WhiteTeam "Sport Muhely SE"]
[BlackTeam "Vaci SC"]
[WhiteTeamCountry "HUN"]
[BlackTeamCountry "HUN"]

1. c4 c6 2. g3 d5 3. Nf3 Nf6 4. Bg2 Bf5 5. Qb3 Qb6 6. d3 e6 7. Be3 Qxb3 8. axb3 Bb4+ 9. Nc3 a5 10. Nh4 Bg6 11. Nxg6 hxg6 12. h4 Ng4 13. Bd2 Nd7 14. Bh3 Nh6 15. Nb1 Ke7 16. Ra4 Bxd2+ 17. Nxd2 Nc5 18. Ra2 Nf5 19. Bxf5 1/2-1/2

[Event "NB2 Erkel csoport"]
[Site "Vac"]
[Date "2024.12.01"]
[Round "3.6"]
[White "Veres, Istvan"]
[Black "Torok, Tamas Titusz"]
[Result "1/2-1/2"]
[WhiteElo "1984"]
[BlackElo "1981"]
[PlyCount "33"]
[GameId "2119386527257889"]
[EventDate "2024.11.03"]
[EventType "team-tourn"]
[EventRounds "11"]
[EventCountry "HUN"]
[Source "chess.hu"]
[WhiteTeam "Vaci SC"]
[BlackTeam "Sport Muhely SE"]
[WhiteTeamCountry "HUN"]
[BlackTeamCountry "HUN"]

1. e4 e5 2. Nc3 Nf6 3. Bc4 Nc6 4. Nf3 Bc5 5. O-O d6 6. h3 a6 7. d3 h6 8. Ne2 O-O 9. c3 d5 10. exd5 Nxd5 11. Bb3 Ba7 12. Ng3 Kh8 13. Re1 Qd6 14. Ne4 Qd8 15. Ng3 Qd6 16. Ne4 Qd8 17. Ng3 1/2-1/2

[Event "NB2 Erkel csoport"]
[Site "Vac"]
[Date "2024.12.01"]
[Round "3.7"]
[White "Borda, Lajos"]
[Black "Nemeth, Laszlo"]
[Result "1-0"]
[WhiteElo "1967"]
[BlackElo "2003"]
[PlyCount "123"]
[GameId "2119386476823823"]
[EventDate "2024.11.03"]
[EventType "team-tourn"]
[EventRounds "11"]
[EventCountry "HUN"]
[Source "chess.hu"]
[WhiteTeam "Sport Muhely SE"]
[BlackTeam "Vaci SC"]
[WhiteTeamCountry "HUN"]
[BlackTeamCountry "HUN"]

1. e4 c6 2. d4 d5 3. f3 Nd7 4. Nc3 e6 5. Nh3 Bb4 6. Bd2 Ne7 7. a3 Bxc3 8. Bxc3 Ng6 9. Bb4 Qb6 10. exd5 cxd5 11. Qd2 a5 12. Bc3 O-O 13. Nf2 Qc7 14. h4 Re8 15. O-O-O b6 16. h5 Ngf8 17. Ng4 f6 18. Bb5 Re7 19. Rde1 Ba6 20. Qd3 Bxb5 21. Qxb5 Qc4 22. a4 Qxb5 23. axb5 Rc8 24. Re2 Kf7 25. Rhe1 Ree8 26. Bd2 f5 27. Ne3 g6 28. g4 f4 29. hxg6+ hxg6 30. Nd1 g5 31. Rh1 Nf6 32. Nf2 N8d7 33. Nd3 Rh8 34. Reh2 Kg7 35. Nf2 Rxh2 36. Rxh2 Rh8 37. Rxh8 Kxh8 38. Nh3 Nh7 39. Bc3 Kg7 40. Kd2 Kf6 41. Nf2 Nhf8 42. b3 Ng6 43. Bb2 Nh4 44. Ke2 Ng2 45. Ba3 Ne3 46. c3 e5 47. dxe5+ Nxe5 48. Nd3 Nd7 49. Bd6 Nc2 50. Nb2 Ke6 51. Bc7 Na3 52. c4 dxc4 53. bxc4 Ne5 54. Bxe5 Kxe5 55. Kd3 Kd6 56. Na4 Kc7 57. Nc3 Kd6 58. Ne4+ Ke5 59. Nxg5 Kd6 60. Ne4+ Ke5 61. Nc3 Kd6 62. Na4 1-0

[Event "NB2 Erkel csoport"]
[Site "Vac"]
[Date "2024.12.01"]
[Round "3.8"]
[White "Kiss, Pal Vac"]
[Black "Metaxasz, Vaszilisz"]
[Result "1/2-1/2"]
[WhiteElo "1946"]
[BlackElo "1930"]
[PlyCount "35"]
[GameId "2119386420958463"]
[EventDate "2024.11.03"]
[EventType "team-tourn"]
[EventRounds "11"]
[EventCountry "HUN"]
[Source "chess.hu"]
[WhiteTeam "Vaci SC"]
[BlackTeam "Sport Muhely SE"]
[WhiteTeamCountry "HUN"]
[BlackTeamCountry "HUN"]

1. e4 e5 2. Nf3 Nc6 3. Bc4 Bc5 4. b4 Bxb4 5. c3 Be7 6. d4 Na5 7. Nxe5 Nxc4 8. Nxc4 d5 9. exd5 Qxd5 10. Ne3 Qc6 11. Qd3 Nf6 12. Ba3 Bxa3 13. Nxa3 O-O 14. Nac4 Nd5 15. Nxd5 Qxd5 16. Ne3 Qa5 17. O-O c6 18. Nc4 1/2-1/2

[Event "NB2 Erkel csoport"]
[Site "Vac"]
[Date "2024.12.01"]
[Round "3.9"]
[White "Kunszt, Kazmer"]
[Black "Harkai, Emma"]
[Result "0-1"]
[WhiteElo "1910"]
[BlackElo "1917"]
[PlyCount "78"]
[GameId "2119386374243567"]
[EventDate "2024.11.03"]
[EventType "team-tourn"]
[EventRounds "11"]
[EventCountry "HUN"]
[Source "chess.hu"]
[WhiteTeam "Sport Muhely SE"]
[BlackTeam "Vaci SC"]
[WhiteTeamCountry "HUN"]
[BlackTeamCountry "HUN"]

1. d4 d5 2. Nf3 Nf6 3. Bf4 c5 4. e3 Nc6 5. c3 e6 6. Nbd2 Be7 7. Bd3 O-O 8. a4 Re8 9. h3 Bd6 10. Ne5 Qc7 11. Ndf3 cxd4 12. exd4 Na5 13. Bh2 Bd7 14. O-O Nc4 15. Qe2 Rac8 16. Rfe1 Na5 17. Bg3 Nb3 18. Ra2 g6 19. Ng5 Rf8 20. Qe3 Kg7 21. Bc2 Na5 22. Bh4 Nc4 23. Qe2 Be7 24. Nxh7 Kxh7 25. Bxf6 Bxf6 26. Qh5+ Kg8 27. Bxg6 fxg6 28. Nxg6 Be8 29. Qg4 Bxg6 30. Qxg6+ Qg7 31. Qxg7+ Kxg7 32. Rxe6 Rfe8 33. Rxe8 Rxe8 34. b3 Nd6 35. Kf1 Ne4 36. Re2 Re7 37. c4 dxc4 38. bxc4 Bxd4 39. g4 Bxf2 0-1

[Event "NB2 Erkel csoport"]
[Site "Vac"]
[Date "2024.12.01"]
[Round "3.10"]
[White "Prohaszka, Gyula Imre"]
[Black "Meszaros, Attila"]
[Result "1-0"]
[WhiteElo "1751"]
[BlackElo "1915"]
[PlyCount "131"]
[GameId "2119386314540255"]
[EventDate "2024.11.03"]
[EventType "team-tourn"]
[EventRounds "11"]
[EventCountry "HUN"]
[Source "chess.hu"]
[WhiteTeam "Vaci SC"]
[BlackTeam "Sport Muhely SE"]
[WhiteTeamCountry "HUN"]
[BlackTeamCountry "HUN"]

1. d4 d5 2. c4 c6 3. Nc3 Nf6 4. Bf4 e6 5. e3 Be7 6. Nf3 Nbd7 7. Be2 dxc4 8. Bxc4 a6 9. a4 O-O 10. O-O Nb6 11. Qb3 Nxc4 12. Qxc4 a5 13. Rfd1 Qb6 14. e4 Kh8 15. d5 exd5 16. exd5 cxd5 17. Nxd5 Nxd5 18. Qxd5 Be6 19. Qe4 f5 20. Qe2 Bc5 21. Rac1 Bb3 22. Rd7 Bxa4 23. Rc7 Bd6 24. Bxd6 Qxd6 25. Ng5 Bc6 26. Nf7+ Rxf7 27. Rxf7 Qd5 28. Rxc6 bxc6 29. Re7 h6 30. h3 a4 31. Re5 Qd7 32. Qc2 f4 33. Rc5 f3 34. g4 Rc8 35. Qxa4 Qd6 36. Qc2 Re8 37. Qc1 Re6 38. b4 Qe7 39. Qf4 Rf6 40. Qe3 Qd7 41. Rc1 h5 42. Qe4 hxg4 43. hxg4 Qd6 44. Ra1 Rf8 45. Ra4 g6 46. Qe3 Rf4 47. Ra8+ Kg7 48. Ra7+ Kh6 49. Re7 Qd4 50. Qc1 g5 51. Qxc6+ Rf6 52. Qc8 Qd1+ 53. Kh2 Qd6+ 54. Kh3 Qxe7 55. Qh8+ Kg6 56. Qh5+ Kg7 57. Qxg5+ Kf7 58. b5 Qe6 59. Qh5+ Rg6 60. Kg3 Qb3 61. Qf5+ Kg7 62. Qe5+ Rf6 63. g5 Qe6 64. Qxf6+ Qxf6 65. gxf6+ Kxf6 66. b6 1-0

[Event "NB2 Erkel csoport"]
[Site "Vac"]
[Date "2024.12.01"]
[Round "3.11"]
[White "Rakosi, Ferenc Dr."]
[Black "Kovolgyi, Krisztian"]
[Result "1-0"]
[WhiteElo "1908"]
[BlackElo "1831"]
[PlyCount "49"]
[GameId "2119386274051279"]
[EventDate "2024.11.03"]
[EventType "team-tourn"]
[EventRounds "11"]
[EventCountry "HUN"]
[Source "chess.hu"]
[WhiteTeam "Sport Muhely SE"]
[BlackTeam "Vaci SC"]
[WhiteTeamCountry "HUN"]
[BlackTeamCountry "HUN"]

1. d4 d5 2. Nf3 Nf6 3. Bf4 Nbd7 4. Nbd2 e6 5. e3 c5 6. c3 Be7 7. Ne5 O-O 8. Bd3 c4 9. Bc2 h6 10. h4 h5 11. Qf3 a6 12. Qg3 Ne8 13. Ndf3 Ndf6 14. Ng5 Nd6 15. Qf3 Qb6 16. Rb1 Qa5 17. a3 Nb5 18. O-O Nd6 19. g4 hxg4 20. Nxg4 Nde8 21. Nxf6+ Nxf6 22. Kh1 Qd8 23. Rg1 Re8 24. Be5 Kh8 25. Nxf7+ 1-0

[Event "NB2 Erkel csoport"]
[Site "Vac"]
[Date "2024.12.01"]
[Round "3.12"]
[White "Keresztesi, Aron Bendeguz"]
[Black "Kincses, Emma"]
[Result "0-1"]
[WhiteElo "1488"]
[BlackElo "1778"]
[PlyCount "120"]
[GameId "2119386232022207"]
[EventDate "2024.11.03"]
[EventType "team-tourn"]
[EventRounds "11"]
[EventCountry "HUN"]
[Source "chess.hu"]
[WhiteTeam "Vaci SC"]
[BlackTeam "Sport Muhely SE"]
[WhiteTeamCountry "HUN"]
[BlackTeamCountry "HUN"]

1. d4 d5 2. Nf3 Nf6 3. g3 g6 4. Bg2 Bg7 5. b3 O-O 6. Bb2 b6 7. O-O Bb7 8. c4 e6 9. Nc3 c5 10. e3 Nc6 11. Re1 Rc8 12. dxc5 bxc5 13. a4 Nb4 14. Ba3 dxc4 15. Bxb4 cxb4 16. Qxd8 Rfxd8 17. Nb5 a6 18. Nbd4 cxb3 19. Nxb3 Ne4 20. Nfd4 Bd5 21. Rab1 Nc3 22. Rbc1 Bxb3 23. Nxb3 Ne2+ 24. Rxe2 Rxc1+ 25. Nxc1 Rd1+ 26. Bf1 Rxc1 27. Rd2 Bf6 28. Kg2 b3 29. Bxa6 b2 30. Bd3 b1=Q 31. Bxb1 Rxb1 32. Ra2 Rb6 33. f4 Rb2+ 34. Rxb2 Bxb2 35. Kf3 f5 36. a5 Ba3 37. e4 fxe4+ 38. Kxe4 Bc5 39. Kd3 Kf7 40. Kc4 Be3 41. Kb5 Kf6 42. Kc6 e5 43. Kd5 exf4 44. Ke4 fxg3 45. hxg3 Ba7 46. Kf4 g5+ 47. Ke4 h5 48. Kf3 Kf5 49. Kg2 Kg4 50. a6 h4 51. gxh4 Kxh4 52. Kh2 Bb8+ 53. Kg2 Kg4 54. Kf2 Kh3 55. Kg1 Ba7+ 56. Kh1 Kg4 57. Kg2 Kf4 58. Kh3 Kf3 59. Kh2 g4 60. Kh1 Kf2 0-1

[Event "NB2 Erkel csoport"]
[Site "Budapest"]
[Date "2024.12.01"]
[Round "3.1"]
[White "Huszar, Mark"]
[Black "Csati, Oliver"]
[Result "1/2-1/2"]
[WhiteElo "2091"]
[BlackElo "2161"]
[PlyCount "101"]
[GameId "2119678999527568"]
[EventDate "2024.11.03"]
[EventType "team-tourn"]
[EventRounds "11"]
[EventCountry "HUN"]
[Source "chess.hu"]
[WhiteTeam "Egri Bolyky BastyaSE"]
[BlackTeam "Morihana-Honved ASE"]
[WhiteTeamCountry "HUN"]
[BlackTeamCountry "HUN"]

1. e4 c5 2. Nf3 d6 3. d4 cxd4 4. Nxd4 Nf6 5. Nc3 a6 6. Bg5 e6 7. f4 Be7 8. Qf3 Qc7 9. O-O-O Nbd7 10. g4 b5 11. Bxf6 Nxf6 12. g5 Nd7 13. f5 Bxg5+ 14. Kb1 Ne5 15. Qh5 Bf6 16. fxe6 O-O 17. Nd5 Qd8 18. Bh3 Kh8 19. Rdf1 fxe6 20. Nxf6 Rxf6 21. Rxf6 gxf6 22. Nxe6 Qg8 23. Qh6 Ng6 24. Nc7 Bxh3 25. Qxh3 Rf8 26. Nd5 f5 27. Rg1 Qe6 28. exf5 Qxf5 29. Qc3+ Qe5 30. Nc7 Qxc3 31. bxc3 Rf2 32. Nxa6 Rxh2 33. Nc7 Rh5 34. Kb2 Rc5 35. Ne6 Re5 36. Nd4 Kg7 37. Kb3 h5 38. Kb4 Kh6 39. Nxb5 h4 40. Nxd6 Kh5 41. a4 Ne7 42. Nb5 Nc6+ 43. Kc4 h3 44. Nd4 Rg5 45. Rh1 Na5+ 46. Kb4 Kg4 47. c4 Nb7 48. Rg1+ Kh5 49. Rh1 Kg4 50. Rg1+ Kh5 51. Rh1 1/2-1/2

[Event "NB2 Erkel csoport"]
[Site "Budapest"]
[Date "2024.12.01"]
[Round "3.2"]
[White "Szabo, Zsolt"]
[Black "Huszar, Lorant"]
[Result "1-0"]
[WhiteElo "2227"]
[BlackElo "1963"]
[PlyCount "71"]
[GameId "2119679062089904"]
[EventDate "2024.11.03"]
[EventType "team-tourn"]
[EventRounds "11"]
[EventCountry "HUN"]
[Source "chess.hu"]
[WhiteTeam "Morihana-Honved ASE"]
[BlackTeam "Egri Bolyky BastyaSE"]
[WhiteTeamCountry "HUN"]
[BlackTeamCountry "HUN"]

1. d4 Nf6 2. c4 e6 3. Nf3 Be7 4. Nc3 d5 5. Bg5 O-O 6. Qc2 Nbd7 7. Rd1 h6 8. Bh4 b6 9. cxd5 exd5 10. e3 Bb7 11. Bd3 Re8 12. O-O c6 13. Rfe1 Ne4 14. Bxe4 dxe4 15. Qxe4 Nf6 16. Qc2 Rc8 17. Ne5 Nd5 18. Bg3 Bd6 19. Qb3 Bxe5 20. dxe5 Qe7 21. Ne4 Red8 22. Nd6 Rb8 23. e4 Nc7 24. f4 Nb5 25. f5 Nxd6 26. exd6 Qf6 27. d7 Ra8 28. Bc7 c5 29. Bxd8 Rxd8 30. Qg3 Qc6 31. Rd6 Qc7 32. f6 g6 33. Qe5 Bc6 34. Red1 c4 35. Qe7 b5 36. Rxc6 1-0

[Event "NB2 Erkel csoport"]
[Site "Budapest"]
[Date "2024.12.01"]
[Round "3.3"]
[White "Vas, Vince"]
[Black "Hangay, Oliver"]
[Result "1/2-1/2"]
[WhiteElo "1975"]
[BlackElo "2082"]
[PlyCount "53"]
[GameId "2119679104458946"]
[EventDate "2024.11.03"]
[EventType "team-tourn"]
[EventRounds "11"]
[EventCountry "HUN"]
[Source "chess.hu"]
[WhiteTeam "Egri Bolyky BastyaSE"]
[BlackTeam "Morihana-Honved ASE"]
[WhiteTeamCountry "HUN"]
[BlackTeamCountry "HUN"]

1. Nf3 Nf6 2. d4 b6 3. g3 Bb7 4. Bg2 g6 5. c4 Bg7 6. b3 O-O 7. Bb2 d6 8. O-O c5 9. Re1 Nbd7 10. Nbd2 Qc7 11. e4 e5 12. d5 a6 13. Nh4 Rab8 14. Nf1 Rfe8 15. Ne3 Bc8 16. Qd3 Nf8 17. Rf1 Qd8 18. Rae1 b5 19. Bc3 Nh5 20. Bf3 Bh3 21. Nhg2 Nf6 22. Bd1 b4 23. Bd2 h6 24. Kh1 N8h7 25. Rg1 Rb7 26. Nh4 Bc8 27. Bf3 1/2-1/2

[Event "NB2 Erkel csoport"]
[Site "Budapest"]
[Date "2024.12.01"]
[Round "3.4"]
[White "Nagy, Ervin Dr."]
[Black "Vajda, Albert Sr."]
[Result "1/2-1/2"]
[WhiteElo "2092"]
[BlackElo "2005"]
[PlyCount "62"]
[GameId "2119679142834386"]
[EventDate "2024.11.03"]
[EventType "team-tourn"]
[EventRounds "11"]
[EventCountry "HUN"]
[Source "chess.hu"]
[WhiteTeam "Morihana-Honved ASE"]
[BlackTeam "Egri Bolyky BastyaSE"]
[WhiteTeamCountry "HUN"]
[BlackTeamCountry "HUN"]

1. e4 e5 2. Nf3 Nc6 3. Bc4 Bc5 4. d3 Nf6 5. Nc3 h6 6. h3 a6 7. Nd5 d6 8. c3 Ba7 9. Ne3 Ne7 10. Qe2 c6 11. Bb3 Be6 12. g4 Bxb3 13. axb3 g6 14. Nc4 b5 15. Ncd2 Qd7 16. b4 Qe6 17. Kd1 Bb6 18. Kc2 c5 19. bxc5 dxc5 20. b3 Nc6 21. Bb2 O-O 22. Ne1 Rfc8 23. Ng2 Bd8 24. Rhc1 Qd6 25. h4 Nh7 26. f3 Rc7 27. Rd1 Rd7 28. Nf1 Rc8 29. Kc1 Na5 30. Kc2 Qe6 31. Nd2 Qd6 1/2-1/2

[Event "NB2 Erkel csoport"]
[Site "Budapest"]
[Date "2024.12.01"]
[Round "3.5"]
[White "Kis, Jozsef"]
[Black "Kovacs, Klara"]
[Result "0-1"]
[WhiteElo "1916"]
[BlackElo "2079"]
[PlyCount "88"]
[GameId "2119679179727076"]
[EventDate "2024.11.03"]
[EventType "team-tourn"]
[EventRounds "11"]
[EventCountry "HUN"]
[Source "chess.hu"]
[WhiteTeam "Egri Bolyky BastyaSE"]
[BlackTeam "Morihana-Honved ASE"]
[WhiteTeamCountry "HUN"]
[BlackTeamCountry "HUN"]

1. e4 e6 2. d4 d5 3. Nc3 Bb4 4. e5 c5 5. a3 Bxc3+ 6. bxc3 Ne7 7. Qg4 Nf5 8. Bd3 h5 9. Qf4 Qh4 10. Ne2 Qxf4 11. Nxf4 Ne7 12. h4 Nec6 13. Be3 Bd7 14. Be2 g6 15. Nd3 cxd4 16. cxd4 b6 17. Nb2 Na5 18. Bg5 Nbc6 19. Rd1 Rc8 20. Bf6 Rg8 21. Rh3 Ne7 22. Rd2 Rc7 23. Rg3 Nf5 24. Rg5 Kf8 25. g4 hxg4 26. Rxg4 Rc3 27. a4 Bc6 28. Bb5 Ke8 29. Bd3 Nh6 30. Rg3 Ra3 31. Bb5 Ra2 32. c4 Kd7 33. cxd5 exd5 34. Rc3 Nf5 35. Bxc6+ Nxc6 36. e6+ fxe6 37. Rdc2 Nfxd4 38. Rd2 Ra1+ 39. Nd1 Rxa4 40. Nb2 Ra1+ 41. Nd1 Ra4 42. Rcd3 Nf5 43. Nc3 Rc4 44. f3 Rf8 0-1

[Event "NB2 Erkel csoport"]
[Site "Budapest"]
[Date "2024.12.01"]
[Round "3.6"]
[White "Murin, Janos"]
[Black "Gordos, Csaba Dr."]
[Result "1/2-1/2"]
[WhiteElo "2035"]
[BlackElo "1884"]
[PlyCount "23"]
[GameId "2119679215358196"]
[EventDate "2024.11.03"]
[EventType "team-tourn"]
[EventRounds "11"]
[EventCountry "HUN"]
[Source "chess.hu"]
[WhiteTeam "Morihana-Honved ASE"]
[BlackTeam "Egri Bolyky BastyaSE"]
[WhiteTeamCountry "HUN"]
[BlackTeamCountry "HUN"]

1. Nf3 Nf6 2. g3 d5 3. Bg2 c5 4. O-O Nc6 5. d3 e6 6. Nbd2 Be7 7. e4 dxe4 8. dxe4 O-O 9. Qe2 Nd4 10. Nxd4 Qxd4 11. e5 Nd7 12. Nf3 1/2-1/2